000 00948nam a2200217 a 4500
008 100302s2010 ||||||||||||||||| || u
020 _a9780415801911
050 _aHF 1480.5 Bot
100 _aBotto, Mercedes
245 1 0 _aResearch and international trade policy negotiations: knowledge and power in Latin America
_cMercedes Botto
260 _aOttawa
_bIDRC
_c2010
300 _axiii, 226p.: ill.
350 _a0.00
650 _aTRADE POLICY--ZIMBABWE
650 _aLATIN AMERICA--COMMERICAL POLICY--RESEARCH
650 _aLATIN AMERICA--ECONOMIC INTEGRATION--RESEARCH
650 _aPOLICY SCIENCES--RESEARCH--LATIN AMERICA
650 _aECONOMIC DEVELOPMENT--EFFECT OF EDUCATION ON--LATIN AMERICA
710 _aInternational Development Research Centre (IDRC)
995 _D0.00
_FCBU-MAIN LIBRARY (Kitwe)
_H1
_I0.00
_M1
_UAVAILABLE
_WMar 4, 2010
_ZMain Library Open Access Collection
999 _c56293
_d56293